<?xml version="1.0" encoding="UTF-8"?>
<collection xmlns="http://www.loc.gov/MARC21/slim">
 <record>
  <leader>00716nam a22001695a 4500</leader>
  <controlfield tag="001">EUN.um041503</controlfield>
  <controlfield tag="008">041125s1982####ag#a##########000#0#spa#d</controlfield>
  <controlfield tag="005">20090408120732.0</controlfield>
  <datafield tag="245" ind1="1" ind2="0">
   <subfield code="a">Nuevas metodologías mediante análisis digital de los sensores remotos para el estudio de los recursos naturales /</subfield>
   <subfield code="c">Jorge A. Luque, J. D. Paoloni, S. R. de Linares.</subfield>
  </datafield>
  <datafield tag="260" ind1=" " ind2=" ">
   <subfield code="a">Bahía Blanca :</subfield>
   <subfield code="b">Universidad Nacional del Sur. Departamento de Ciencias Agrarias,</subfield>
   <subfield code="c">1982.</subfield>
  </datafield>
  <datafield tag="300" ind1=" " ind2=" ">
   <subfield code="a">34 p. :</subfield>
   <subfield code="b">ilus. ;</subfield>
   <subfield code="c">28 cm..</subfield>
  </datafield>
  <datafield tag="490" ind1="0" ind2=" ">
   <subfield code="a">Hidrología y Recursos Naturales, 7</subfield>
  </datafield>
  <datafield tag="100" ind1="1" ind2=" ">
   <subfield code="a">Luque, Jorge Alfredo.</subfield>
  </datafield>
  <datafield tag="700" ind1="1" ind2=" ">
   <subfield code="a">Paoloni, J. D.</subfield>
  </datafield>
  <datafield tag="700" ind1="1" ind2=" ">
   <subfield code="a">Linares, S. R. de.</subfield>
  </datafield>
  <datafield tag="082" ind1="0" ind2="4">
   <subfield code="a">778.3</subfield>
  </datafield>
  <datafield tag="859" ind1=" " ind2=" ">
   <subfield code="a">Ar-BaUNS</subfield>
   <subfield code="b">BIB. CENTRAL - Sector C</subfield>
   <subfield code="h">778.3</subfield>
   <subfield code="i">L974-2</subfield>
   <subfield code="p">88962/982</subfield>
  </datafield>
 </record>
</collection>
